Statistics for Famous people portrayed by

Click here to take the quiz!

General Stats

  • This quiz has been taken 29 times
    (3 since last reset)
  • The average score is 19 of 55

Answer Stats

Famous personActor% Correct
Abraham LincolnDaniel Day Lewis
100%
Malcolm XDenzel Washington
100%
Johnny CashJoaquin Phoenix
100%
Muhammad AliWill Smith
100%
Mahatma GandhiBen Kingsley
67%
Idi AminForest Whitaker
67%
Lee Harvey OswaldGary Oldman
67%
Winston ChurchillGary Oldman
67%
Nelson MandelaIdris Elba
67%
Mark ZuckerbergJesse Eisenberg
67%
Oskar SchindlerLiam Neeson
67%
Douglas MacArthurLiam Neeson
67%
Julia ChildMeryl Streep
67%
Margaret ThatcherMeryl Streep
67%
Steve JobsMichael Fassbender
67%
Nelson MandelaMorgan Freeman
67%
Jackie KennedyNatalie Portman
67%
Charlie ChaplinRobert Downey Jr.
67%
Ronald ReaganAlan Rickman
33%
Donald TrumpAlec Baldwin
33%
Pablo PicassoAnthony Hopkins
33%
Alfred HitchcockAnthony Hopkins
33%
Steve JobsAshton Kutcher
33%
Stephen HawkingBenedict Cumberbatch
33%
Lyndon B. JohnsonBryan Cranston
33%
Nikola TeslaDavid Bowie
33%
John F. KennedyJames Marsden
33%
Howard HughesLeonardo DiCaprio
33%
Sharon TateMargot Robbie
33%
Dwight D. EisenhowerRobin Williams
33%
Theodore RooseveltRobin Williams
33%
Martin Luther King Jr.Samuel L. Jackson
33%
Elton JohnTaron Egerton
33%
Walt DisneyTom Hanks
33%
Vincent Van GoghWillem Dafoe
33%
John LennonAaron Taylor Johnson
0%
Martin Luther King Jr.Anthony Mackie
0%
Tupac ShakurAnthony Mackie
0%
Che GuevaraBenicio Del Toro
0%
Winston ChurchillBrian Cox
0%
Hulk HoganChris Hemsworth
0%
Greg SesteroDave Franco
0%
James DeanJames Franco
0%
Tommy WiseauJames Franco
0%
Edward SnowdenJoseph Gordon Levitt
0%
Elvis PresleyKurt Russel
0%
Tommy LeeMachine Gun Kelly
0%
Bruce LeeMike Moh
0%
John LennonPaul Rudd
0%
Charles DickensRalph Fiennes
0%
Kim Jong-unRandall Park
0%
Steve WozniakSeth Rogen
0%
Nelson MandelaTerrence Howard
0%
Al CaponeTom Hardy
0%
Douglas MacArthurTommy Lee Jones
0%

Score Distribution

Percentile by Number Answered

Percent of People with Each Score

Your Score History

You have not taken this quiz since the last reset